Rok mysliwego

Bibliographic Details
Main Author: Miłosz, Czesław, 1911-2004 (Author)
Format: Book
Language:Polish
Published: Kraków Wydawnictwo Znak 1991
ISBN:8370060471

MARC

LEADER 00000nam a2200000 a 4500
001 vtls001162165
003 SK-MaSNL
005 20260301063255.0
008 240314s1991 PL 0 pol
020 |a 8370060471 
035 |a SNK000105075 
040 |a SNK  |b slo  |c SNK  |e AACR2 
044 |a PL 
100 1 |a Miłosz, Czesław,  |d 1911-2004  |4 aut  |9 202022 
245 1 0 |a Rok mysliwego  |c Czeslaw Miloscz 
260 |a Kraków  |b Wydawnictwo Znak  |c 1991 
919 |a 83-7006-047-1 
999 |c 623490  |d 625420 
952 |t P60, <04>, [BOOK], {604}  |a SNK  |b SNK  |y VYP  |7 0  |p 17A0104734  |o snkID 93996  |0 0  |1 0  |4 0  |d 1997-10-23  |l 0  |r 2005-01-01 00:00:00  |w 2026-02-23